000 00598nam a22002177a 4500
001 00027943
005 20260123083101.0
008 260123b ag ||||| |||| 00| 0 spa d
040 _aAR-CcCEOS
_bspa
_cAR-CcCEOS
041 _aspa
080 _a141.316
090 _bLIE
100 1 _aLienhardt, R. G.
_q(R. Godfrey)
_9220
245 _aAntropología social /
_cGodfrey Lienhardt
250 _a1ª ed.
264 _aBuenos Aires :
_bfondo de cultura económica,
_cc1966.
300 _a279 p. ;
_c17x12 cm.
490 _aColec. Popular
655 0 _aantropología
_9221
942 _2udc
_cCF
_n0
999 _c27953
_d27953